00646nam a2200217Ia 4500003000400000005001700004008004100021020001900062040000700081041000800088082001500096100002800111245002800139260004300167300000900210650002300219700002400242942001300266999001900279952013000298OSt20250825151342.0250729s2005 xx 000 0 und d a978-8183165501 cAL aeng a158.1 PARE aParameshwaran E9222176 aExperimental psychology aNew DelhibNeelkamal Publicationc2005 a323p aPsychology9222177 aRavichandra9222178 2ddccBED c235337d235337 00104070aALbALd2025-07-29eSita Book Houseg150.00l0o158.1 PAREpBED00656r2025-07-29 16:53:55v150.00w2025-07-29yBK